000
00317 a2200121 4500
000
nam a22 7a 4500
005
20260211155112.0
020
_a
9789360865320
100
_a
Samar Basu Mallik, Santosh Kido, Ranendra
_9
1115286
245
_a
Aadivasi Darshan
260
_b
Rajkamal Prakashan
_c
2024
942
_c
TEXL
999
_c
1679361
_d
1679361